| 000 | 01025nam a2200301 4500 | ||
|---|---|---|---|
| 001 | 79 | ||
| 003 | OSt | ||
| 005 | 20250123133004.0 | ||
| 008 | 250123b |||||||e |||| 00| 0 eng d | ||
| 040 | _bpor | ||
| 041 |
_heng _apor |
||
| 082 |
_a813 _bB922c |
||
| 100 | 1 |
_aBuck, Pearl S. _d1892-1973. |
|
| 240 | _aChina as I see it | ||
| 245 |
_aA China que eu vi / _cBuck, Pearl S. ; Tradução de Syomara Cajado |
||
| 260 |
_aSão Paulo _bNova Epoca |
||
| 300 | _a342 p. | ||
| 520 | _aChina as I See It (1970) -- A China é retratada com toda fidelidade e em todo o seu humanismo pela escritora prêmios Nobel e Pulitzer. O leitor contemplará através de suas páginas a beleza da China milenar, e seu paciente povo. |...| | ||
| 650 | 0 |
_aLiteratura Americana _984 |
|
| 650 | 0 |
_aExperiência de vida _9188 |
|
| 650 | 0 |
_aPrêmio Nobel _9191 |
|
| 650 | 0 |
_aHistória _9116 |
|
| 650 | 0 |
_aViagens _9189 |
|
| 655 | 0 |
_aRomance _923 |
|
| 655 | 0 |
_aNão Ficção _9102 |
|
| 700 |
_aSyomara Cajado _eTradutor _9190 |
||
| 942 |
_2ddc _n0 _cBK |
||
| 999 |
_c79 _d79 |
||